000 01081nam a2200229Ia 4500
008 180910s9999 xx 000 0 und d
100 1 _aسلامة، رمزي
245 1 0 _aوضع أسس لشبكة عربية لإعداد المعلمين
260 _aبيروت
_bالهيئة اللبنانية للعلوم التربوية
_c2002
300 _a297-301 pages
490 0 _aإعداد المعلمين في البلدان العربية
500 _aالنوع : فصل في كتاب
520 3 _aهذه الورقة تضم افكار وضعها الكاتب رمزي سلامة في ما يطال وضع اسس لشبكة عربية لإعداد المعلمين على المستوى الشراكي والمؤسساتي والاستمرارية.
650 4 _a الدول العربية
650 4 _aArab Countries
650 4 _aPays Arabes
650 4 _aPréparation des enseignants
650 4 _aTeachers preparation
650 4 _aاعداد المعلمين
856 _zالهيئة اللبنانية للعلوم التربوية
942 _cLAESDATA
999 _c21465
_d21465